| 000 | 00594nam a2200229 i 4500 | ||
|---|---|---|---|
| 001 | bg | ||
| 100 | 1 | _aLEMAY, Laura | |
| 245 | 1 | 0 |
_aHTML 4 : _bvademecum profesjonalisty / _cLaura Lemay. |
| 260 |
_aGliwice : _b"Helion", _ccop. 1998. |
||
| 300 |
_a1098 s. : _brys. ; _c25 cm + _eCD-ROM. |
||
| 500 | _aTekst tł. z ang. | ||
| 650 | 9 | _aHTML | |
| 650 | 9 | _aStrony WWW | |
| 655 | _aPodręczniki | ||
| 020 | _a8371970439 | ||
| 040 | _cBPK | ||
| 041 | 1 |
_apl _hen |
|
| 080 | _a004.438(07)HTML:004.738.52 | ||
| 920 | _a83-7197-043-9 | ||
| 942 | _cKS | ||
| 008 | s pl f |000 0 pol | ||
| 999 |
_c36440 _d36440 |
||
| 856 |
_uhttp://koha.tu.koszalin.pl/cgi-bin/koha/opac-detail.pl?biblionumber=36440 _yKatalog online BPK |
||